|
|
|
|
| LEADER |
00677nam a22002172a 4500 |
| 001 |
001094176 |
| 003 |
CZ BrMZK |
| 005 |
20100426080218.0 |
| 007 |
ta |
| 008 |
100426s1926 fr er|||||||||||fre d |
| 040 |
|
|
|a BOA001
|b cze
|
| 100 |
1 |
|
|a Molière,
|d 1622-1673
|7 jn19981001860
|4 aut
|
| 245 |
1 |
4 |
|a Les Fourberies de Sapin ;
|b la Comptesse d'Escarbagnas /
|c Molière ; notices et notes par Ch.M. Granges
|
| 260 |
|
|
|a Paris :
|b Hatier,
|c 1926
|
| 300 |
|
|
|a 80 s.
|
| 740 |
3 |
2 |
|a La Comptesse d'Escarbagnas
|
| 910 |
|
|
|a BOA001
|b 1-0270.405
|
| 990 |
|
|
|a BK
|
| 993 |
|
|
|a Y
|
| 991 |
|
|
|b 201004
|
| 996 |
7 |
|
|b 2619377263
|c 1-0270.405
|l MZK
|r Sklad / do 1 hodiny
|n 0
|w 001119901
|u 000010
|a 1
|e BOA001
|j MZK50
|s A
|